| 000 | 00503cam a2200193ua 4500 | ||
|---|---|---|---|
| 020 | _c45.00 | ||
| 041 |
_aeng _h |
||
| 082 |
_a371.71 _bWHE/HE |
||
| 100 | _aWheatley, George M . | ||
| 245 |
_aHealth observation of school children / _cGeorge M Wheatley. _hTextual Documents |
||
| 250 |
_a1 / _b. |
||
| 260 |
_aNew York : _bMcGraw Hill Book Company , _c1956. |
||
| 300 | _a488 ; . | ||
| 365 | _a45.00 | ||
| 504 | _a | ||
| 700 | 1 | _aHallock , Grace T . | |
| 942 | _cBK | ||
| 999 |
_c8557 _d8557 |
||